Tourism community relationships

Saved in:
Bibliographic Details
Main Author: Pearce, Philip L.
Other Authors: Moscardo, Gianna, Ross, Glenn F.
Format: Book
Language:English
Published: Oxford, OX, UK : Pergamon, 1996
Edition:1st ed.
Series:Tourism social science series
Subjects:
Tags: Add Tag
No Tags, Be the first to tag this record!

MARC

LEADER 00000nam a2200000 i 4500
001 1/50373
008 070803s1996 eng d
020 |a 0-08-042395-7 
035 |l 10089440 
040 |a GR-MY-UA  |b gre  |e aacr 
041 0 |a eng 
082 0 |a 338.4791  |2 (22) 
100 1 |a Pearce, Philip L. 
245 1 0 |a Tourism community relationships /  |c Philip L. Pearce, Gianna Moscardo, and Glenn F. Ross 
250 |a 1st ed. 
260 |a Oxford, OX, UK :   |b Pergamon,   |c 1996 
300 |a ix, 259 σ.;  |b εικ., χάρτες;  |c 24 εκ. 
490 1 |a Tourism social science series 
504 |a Βιβλιογραφία: σ. 219-241 
504 |a Ευρετήρια: σ. 249-259 
650 0 0 |a Tourism. 
700 1 |a Moscardo, Gianna. 
700 1 |a Ross, Glenn F. 
830 0 |a Tourism social science series 
852 |a INST  |b LESVOS  |e 20070803  |h 338.4791 PEA  |p 005100041361  |q 005100041361  |t BK  |y 0 
901 |a BIBL1-2007-2 
909 |a Λ  |b 137397 
922 |a 1ΕΛΗ  |b 200707  |c ΕΠΕΑΕΚ2/ΤΚΑ  |d ΕΛΕΥΘΕΡΟΥΔΑΚΗΣ 
970 |a ΚΑΡΑ  |b ΓΙΑΣΕΜΗ  |z 2007/08/03